000 00324nam a2200121Ia 4500
008 220120s9999||||xx |||||||||||||| ||und||
082 _a620.1 KUM
100 _aMishra, B.K Kumar, Aravind & Ranjan, K
245 0 _aMechanical engineering scinces
260 _bNew Delhi
_c2002
300 _a267p
_b145
650 _aMECHANICHAL
999 _c136214
_d136214